| 000 | 00447nam a22001817a 4500 | ||
|---|---|---|---|
| 003 | CEME | ||
| 005 | 20210628210247.0 | ||
| 008 | 210216b xxu||||| |||| 00| 0 eng d | ||
| 020 | _a969-0-00645-2 | ||
| 040 | _c. | ||
| 082 | _a891.4393 ANW | ||
| 100 |
_aMuhammad Moeen Uddin Durrani _978771 |
||
| 245 | _aAnwaar-e-suhaili | ||
| 260 |
_aLAHORE _bFEROZE SONES _c1994 |
||
| 300 | _a304 | ||
| 650 |
_aURDU ADAB-FICTIONS _965572 |
||
| 942 |
_cBK _2ddc |
||
| 999 |
_c583853 _d583853 |
||